Analysis of program machine code and applications to data security [Project MSIT-8] (Record no. 10508)
[ view plain ]
| 000 -LEADER | |
|---|---|
| fixed length control field | 00573 a2200133 4500 |
| 082 ## - DEWEY DECIMAL CLASSIFICATION NUMBER | |
| Classification number | MSIT-8 |
| 100 ## - MAIN ENTRY--PERSONAL NAME | |
| Personal name | Humera Arshad |
| 9 (RLIN) | 100209 |
| 245 ## - TITLE STATEMENT | |
| Title | Analysis of program machine code and applications to data security [Project MSIT-8] |
| Statement of responsibility, etc. | Humera Arshad |
| 260 ## - PUBLICATION, DISTRIBUTION, ETC. | |
| Place of publication, distribution, etc. | Islamabad |
| Name of publisher, distributor, etc. | NUST School of Electrical Engineering and Computer Science |
| Date of publication, distribution, etc. | 2011. |
| 300 ## - PHYSICAL DESCRIPTION | |
| Extent | vi, 68p. |
| Other physical details | :ill. |
| Dimensions | ;27cm.+ |
| Accompanying material | CD-ROM |
| 500 ## - GENERAL NOTE | |
| General note | Supervisors: Dr. Fauzan Mirza, Dr. Ali Khayam, Mr. Ali Sajjad, Mr. Kamran Zaidi |
| 856 ## - ELECTRONIC LOCATION AND ACCESS | |
| Uniform Resource Identifier | <a href="http://10.250.8.41:8080/xmlui/handle/123456789/9939">http://10.250.8.41:8080/xmlui/handle/123456789/9939</a> |
| 942 ## - ADDED ENTRY ELEMENTS (KOHA) | |
| Koha item type | Project Report |
| Call number prefix | MSIT-8 HUM |
| Source of classification or shelving scheme | |
| Withdrawn status | Lost status | Damaged status | Not for loan | Permanent Location | Current Location | Total Checkouts | Full call number | Barcode | Date last seen | Price effective from | Koha item type |
|---|---|---|---|---|---|---|---|---|---|---|---|
| Central Library (CL) | Central Library (CL) | MSIT-8 HUM | SEECSP00962 | 11/14/2012 | 11/14/2012 | Project Report |
